| 000 | 00968cab a2200289 4500 | ||
|---|---|---|---|
| 001 | ABS57312 | ||
| 008 | 090401t1997 xxu||||| |||| 00| 0 eng d | ||
| 035 | _a(Sirsi) u79948 | ||
| 041 | _aeng | ||
| 100 | _aTanney, A. | ||
| 245 | _aBreaking down lease agreements | ||
| 260 | _c1997 | ||
| 350 | _a0 | ||
| 490 |
_aProperty Week _v60(4) 25 July 1997, 23(1) |
||
| 520 | _aConsiders the factors that may arise as litigation over landlords` break clauses looks set to increase with an improving economy. Reviews the issue of date of termination as visited in "Mannai Investment Co v Eagle Star Assurance". | ||
| 650 | _aBREAK CLAUSES | ||
| 650 | _aBREAK NOTICES | ||
| 650 | _aLITIGATION | ||
| 650 | _aMANNAI INVESTMENT CO LTD V EAGLE STAR LIFE ASSURANCE CO LTD UK | ||
| 650 | _aRIGHT TO BREAK | ||
| 650 | _aTIMING | ||
| 650 | _aVALIDITY | ||
| 690 | _aLANDLORD AND TENANT-BUSINESS TENANCIES | ||
| 700 | _aShea, C. | ||
| 942 | _n0 | ||
| 948 | _c28/07/1997 | ||
| 999 |
_c50312 _d50312 |
||